000 00262nam a2200109Ia 4500
008 240625s9999 xx 000 0 und d
041 _aeng
082 _a808.20 SHA
100 _aSHARMA PRERNA
245 _aBRAND ARCHIVE CREATION DIGITAL PHYSICAL
260 _c2013
999 _c36843
_d36843